| 000 | 01006nam a2200313Ia 4500 | ||
|---|---|---|---|
| 001 | Para_8891 | ||
| 003 | CHAP | ||
| 008 | 220125s2004 xx 000 0 und d | ||
| 010 | _a203696 | ||
| 040 | _cCHAP | ||
| 090 | _aPA TESIS 1839 | ||
| 100 |
_aCaballero Martínez, Everardo _916562 |
||
| 245 |
_aSírfidos depredadores de plagas agrícolas / _c por Everardo Caballero Martínez |
||
| 260 |
_aChapingo, Méx. : _b el autor |
||
| 300 | _a84 h. | ||
| 502 | _aTesis (Ing. Agr. Esp. en Parasitología Agrícola) -- UACh. Departamento Parasitología Agrícola | ||
| 650 |
_aControl biológico de plagas _927587 |
||
| 650 |
_aDípteros _933715 |
||
| 650 |
_aInsectos parásitos y predatores _958961 |
||
| 650 |
_aSírfidos _9169575 |
||
| 710 |
_aUACh. Departamento Parasitología Agrícola _9164025 |
||
| 901 | _aPA TESIS 1839 | ||
| 902 | _aA | ||
| 905 | _a0000002004 ai 0000000000 00 | ||
| 910 | _a2004 | ||
| 942 | _cPARA | ||
| 942 |
_cPARA _d1 |
||
| 999 |
_c203696 _d203696 |
||